Guess Aespa MV From Release Date - Statistics

General Stats
  • This quiz has been taken 40 times
  • The average score is 12 of 17
Answer Stats
Answer % Correct
Black Mamba
97%
Next Level
97%
Forever
93%
Armageddon
83%
Drama
80%
Savage
80%
Supernova
80%
Better Things
70%
Dreams Come True
70%
Girls
70%
Spicy
70%
Whiplash
70%
Welcome To MY World (with naevis)
60%
Life's Too Short
57%
Beautiful Christmas (with Red Velvet)
47%
Hot Mess
47%
Live My Life
23%
No matching quizzes found
Score Distribution
Percent of People with Each Score
Percentile by Number Answered
Your Score History
You have not taken this quiz